000 00665nam a2200217 a 4500
005 20250809063840.0
008 991125s1990 ag 000 0 spa u
020 _a9507550097
035 _aUPN01000013691
049 _aCG
050 4 _aBF319
_bB5.3
100 1 _aBianchi, Ariel Edgardo,
_d1926-
_941599
245 1 0 _aDel aprendizaje a la creatividad :
_baprender, resolver, decidir, crear /
_cAriel Edgardo Bianchi.
260 _aBuenos Aires :
_bBraga,
_c1990.
300 _a281 p.
440 0 _aDidáctica operativa
650 2 _aCreatividad
_95008
650 2 _aObjetivos de la enseñanza
_921083
650 4 _aPsicología educativa
_95197
905 _aLibro
999 _c13691
_d13691